000 00351pab a2200145 454500
008 180718b2000 xxu||||| |||| 00| 0 eng d
100 _aPattanayak, B.
245 _aTowards reengineering organisational behaviour
260 _c2000
300 _ap.71-75
362 _aApr-Jun
650 _aOrganizations
773 _aProductivity
909 _a46207
999 _c46207
_d46207